000 00366nam a2200145Ia 4500
008 231129s1992||||xx |||||||||||||| ||spa||
020 _a84-7509-810-X
040 _bspa
082 _a320.56 W642e
100 _aWieviorka Michel
245 0 _aEl espacio del racismo
260 _c1992
264 _aPaidos
942 _2ddc
_cBKS
999 _c10997
_d10997